| 000 -LEADER |
| fixed length control field |
00716cam a2200217 i 4500 |
| 003 - CONTROL NUMBER IDENTIFIER |
| control field |
OSt |
| 005 - DATE AND TIME OF LATEST TRANSACTION |
| control field |
20200317154342.0 |
| 008 - FIXED-LENGTH DATA ELEMENTS--GENERAL INFORMATION |
| fixed length control field |
150619s2015 sz ae 001 0 eng |
| 020 ## - INTERNATIONAL STANDARD BOOK NUMBER |
| International Standard Book Number |
9783037681916 (hd. bd.) |
| 082 ## - DEWEY DECIMAL CLASSIFICATION NUMBER |
| Classification number |
725.31 |
| Item number |
BAK |
| 100 1# - MAIN ENTRY--PERSONAL NAME |
| Personal name |
Baker, Lisa, |
| Dates associated with a name |
1982- |
| 245 10 - TITLE STATEMENT |
| Title |
Level-1 : |
| Remainder of title |
contemporary underground stations of the world / |
| Statement of responsibility, etc |
Lisa Baker. |
| 246 30 - VARYING FORM OF TITLE |
| Title proper/short title |
Contemporary underground stations of the world |
| 250 ## - EDITION STATEMENT |
| Edition statement |
1st edition. |
| 300 ## - PHYSICAL DESCRIPTION |
| Extent |
191 pages : |
| Other physical details |
chiefly color illustrations, plans ; |
| Dimensions |
25 x 29 cm |
| 500 ## - GENERAL NOTE |
| General note |
Includes index. |
| 650 #0 - SUBJECT ADDED ENTRY--TOPICAL TERM |
| Topical term or geographic name as entry element |
Subway stations |
| Form subdivision |
Pictorial works. |
| 650 #0 - SUBJECT ADDED ENTRY--TOPICAL TERM |
| Topical term or geographic name as entry element |
Subway stations |
| General subdivision |
Design and construction. |
| 650 #0 - SUBJECT ADDED ENTRY--TOPICAL TERM |
| Topical term or geographic name as entry element |
Underground architecture. |
| 942 ## - ADDED ENTRY ELEMENTS (KOHA) |
| Source of classification or shelving scheme |
|